[Event "Mecklenburg VP Verbandsliga 2223"]
[Site "Mecklenburg VP"]
[Date "2022.11.27"]
[Round "3.1"]
[White "Lehmann, Ruben"]
[Black "Schmidt, Peter2222"]
[Result "1/2-1/2"]
[WhiteElo "1985"]
[BlackElo "2109"]
[PlyCount "85"]
[EventDate "2022.10.23"]
[EventType "team-tourn"]
[EventRounds "9"]
[EventCountry "GER"]
[SourceTitle "EXT 2024"]
[Source "ChessBase"]
[SourceDate "2023.10.10"]
[SourceVersion "1"]
[SourceVersionDate "2023.10.10"]
[SourceQuality "1"]
[WhiteTeam "Stralsund HSG"]
[BlackTeam "Rostock SSC 07"]
[WhiteTeamCountry "GER"]
[BlackTeamCountry "GER"]

1. d4 Nf6 2. c4 e6 3. Nc3 Bb4 4. e3 Bxc3+ 5. bxc3 0-0 6. Bd3 d6 7. Ne2 c5 8. 0-0 Nc6 9. f4 Qc7 10. Ng3 g6 11. Bb2 b6 12. e4 Ba6 13. Qe2 Nd7 14. d5 Na5 15. Rae1 Rae8 16. dxe6 fxe6 17. Bc1 Nc6 18. Qg4 Nf6 19. Qh4 Qd8 20. Rd1 Nd7 21. Qh6 Qe7 22. f5 Nce5 23. Bg5 Qg7 24. Qh4 Nxd3 25. Rxd3 Bxc4 26. f6 Nxf6 27. Bh6 Qe7 28. Bxf8 Rxf8 29. e5 Bxd3 30. exf6 Qf7 31. Rf3 Bf5 32. Qf4 e5 33. Qh6 Qxf6 34. Nxf5 gxf5 35. Rg3+ Kh8 36. Rg6 Qf7 37. Rxd6 Qg7 38. Qd2 f4 39. Rd7 Rf7 40. Rd8+ Rf8 41. Rd7 Rf7 42. Rd8+ Rf8 43. Rd7 1/2-1/2

[Event "GER-ch Net blitz qual2"]
[Site "Playchess.com INT"]
[Date "2021.05.04"]
[Round "1"]
[White "Apelt, Andreas"]
[Black "Lehmann, Ruben"]
[Result "0-1"]
[WhiteElo "1446"]
[BlackElo "1830"]
[PlyCount "42"]
[EventDate "2021.05.04"]
[EventType "swiss (blitz)"]
[EventRounds "11"]
[EventCountry "GER"]
[SourceTitle "CBM 202 Extra"]
[Source "ChessBase"]
[SourceDate "2021.07.31"]
[SourceVersion "1"]
[SourceVersionDate "2021.07.31"]
[SourceQuality "1"]

1. d4 d5 2. Bf4 c5 3. e3 cxd4 4. exd4 Nc6 5. c3 f6 6. Bd3 e5 7. Qh5+ g6 8. Bxg6+ hxg6 9. Qxh8 exf4 10. Qxg8 Bf5 11. Nd2 Qe7+ 12. Kd1 0-0-0 13. Ngf3 Bh6 14. Re1 Qxe1+ 15. Nxe1 Rxg8 16. Ndf3 Re8 17. Kd2 g5 18. Nd3 g4 19. Nh4 f3+ 20. Kc2 Re2+ 21. Kb3 Bxd3 0-1

[Event "GER-ch Net blitz qual2"]
[Site "Playchess.com INT"]
[Date "2021.05.04"]
[Round "7"]
[White "Hein, Ralf1111"]
[Black "Lehmann, Ruben"]
[Result "0-1"]
[WhiteElo "1666"]
[BlackElo "1830"]
[PlyCount "90"]
[EventDate "2021.05.04"]
[EventType "swiss (blitz)"]
[EventRounds "11"]
[EventCountry "GER"]
[SourceTitle "CBM 202 Extra"]
[Source "ChessBase"]
[SourceDate "2021.07.31"]
[SourceVersion "1"]
[SourceVersionDate "2021.07.31"]
[SourceQuality "1"]

1. e4 c6 2. d4 d5 3. exd5 cxd5 4. c3 Nc6 5. Nf3 Bg4 6. Be2 e6 7. h3 Bh5 8. 0-0 Bd6 9. b4 Nge7 10. a4 0-0 11. a5 b6 12. a6 Rc8 13. Na3 f6 14. Nb5 Bb8 15. Be3 Bf7 16. Qd2 Nf5 17. Bf4 e5 18. dxe5 fxe5 19. Bh2 Nd6 20. Nxd6 Bxd6 21. b5 e4 22. bxc6 exf3 23. Bxf3 Bxh2+ 24. Kxh2 Rxc6 25. Rad1 Qc7+ 26. Kg1 Rd8 27. Rc1 b5 28. Rfe1 Rxa6 29. Qe2 Rc6 30. Qxb5 Rxc3 31. Rxc3 Qxc3 32. Rd1 Qe5 33. Qa5 Rd7 34. Bg4 Rc7 35. Re1 Qc3 36. Qxc3 Rxc3 37. Bf3 h6 38. Rd1 Rc5 39. Ra1 a5 40. Ra4 Kf8 41. Kh2 Ke7 42. Kg3 Kd6 43. Rd4 Rc4 44. Rd2 a4 45. Be2 Rc3+ 0-1

[Event "GER Cup Net Final-B U2000"]
[Site "Playchess.com INT"]
[Date "2020.06.06"]
[Round "3"]
[White "Lehmann, Ruben"]
[Black "Koch, Yannick"]
[Result "0-1"]
[WhiteElo "1742"]
[BlackElo "1778"]
[PlyCount "56"]
[EventDate "2020.06.06"]
[EventType "swiss (blitz)"]
[EventRounds "13"]
[EventCountry "GER"]
[SourceTitle "CBM 197 Extra"]
[Source "ChessBase"]
[SourceDate "2020.09.30"]
[SourceVersion "1"]
[SourceVersionDate "2020.09.30"]
[SourceQuality "1"]

1. d4 Nf6 2. c4 e6 3. Nc3 Bb4 4. e3 b6 5. Bd3 Bb7 6. Nge2 c5 7. 0-0 cxd4 8. exd4 0-0 9. Bg5 Be7 10. Bc2 d5 11. cxd5 Nxd5 12. Bxe7 Qxe7 13. Nxd5 Bxd5 14. Qd3 g6 15. Ng3 Nd7 16. f4 Rac8 17. b3 Qb4 18. Ne2 Nf6 19. a3 Qd6 20. Ng3 Qc6 21. Rac1 Qc3 22. Ne2 Qb2 23. f5 Be4 24. Qg3 exf5 25. Bxe4 Nxe4 26. Qh3 Qxe2 27. Rxc8 Rxc8 28. g4 Qxg4+ 0-1

[Event "GER Cup Net Final-B U2000"]
[Site "Playchess.com INT"]
[Date "2020.06.06"]
[Round "10"]
[White "Lehmann, Ruben"]
[Black "Mueller, Achim2222"]
[Result "1-0"]
[WhiteElo "1742"]
[BlackElo "1841"]
[PlyCount "143"]
[EventDate "2020.06.06"]
[EventType "swiss (blitz)"]
[EventRounds "13"]
[EventCountry "GER"]
[SourceTitle "CBM 197 Extra"]
[Source "ChessBase"]
[SourceDate "2020.09.30"]
[SourceVersion "1"]
[SourceVersionDate "2020.09.30"]
[SourceQuality "1"]

1. d4 Nf6 2. c4 g6 3. Nc3 Bg7 4. Nf3 0-0 5. Bg5 h6 6. Bh4 d6 7. e3 Nbd7 8. Be2 c6 9. 0-0 a6 10. a4 b6 11. Qc2 Bb7 12. Rad1 a5 13. d5 cxd5 14. cxd5 Rc8 15. Qd2 Nc5 16. Bxf6 Bxf6 17. Nd4 Bg7 18. Ndb5 Qd7 19. Na7 Ra8 20. Bb5 Qc7 21. Nc6 Bxc6 22. Bxc6 Rac8 23. f4 e5 24. f5 Qe7 25. e4 Kh7 26. Qf2 Bf6 27. h3 Bg5 28. f6 Qd8 29. h4 Bf4 30. g3 Qxf6 31. gxf4 exf4 32. Qxf4 Qe7 33. Rfe1 f6 34. Re2 Qe5 35. Qxe5 fxe5 36. Rf2 Rf4 37. Rdf1 g5 38. hxg5 hxg5 39. Rxf4 exf4 40. Rf3 Kg6 41. Kf2 g4 42. Rxf4 Kg5 43. Rf5+ Kg6 44. Kg3 Nd3 45. Rf1 Kg5 46. Rf5+ Kg6 47. Rf1 Nxb2 48. Rb1 Nc4 49. Bd7 Rc7 50. Bf5+ Kg5 51. Nb5 Re7 52. Rh1 Nd2 53. Nc3 Nc4 54. Rh4 Ne5 55. Rh7 Re8 56. Rg7+ Kf6 57. Rd7 Nxd7 58. Bxd7 Re7 59. Bxg4 Rc7 60. Nb5 Rc4 61. Nxd6 Rxa4 62. Bd7 Ra3+ 63. Kf4 Ra1 64. e5+ Ke7 65. Bf5 a4 66. Ne4 a3 67. d6+ Kd8 68. e6 Rf1+ 69. Ke5 Re1 70. e7+ Ke8 71. Bg6+ Kd7 72. e8Q# 1-0

[Event "GER Cup Net Final-B U2000"]
[Site "Playchess.com INT"]
[Date "2020.06.06"]
[Round "11"]
[White "Lehmann, Ruben"]
[Black "Platz, Daniel1111"]
[Result "0-1"]
[WhiteElo "1742"]
[BlackElo "1701"]
[PlyCount "94"]
[EventDate "2020.06.06"]
[EventType "swiss (blitz)"]
[EventRounds "13"]
[EventCountry "GER"]
[SourceTitle "CBM 197 Extra"]
[Source "ChessBase"]
[SourceDate "2020.09.30"]
[SourceVersion "1"]
[SourceVersionDate "2020.09.30"]
[SourceQuality "1"]

1. d4 Nf6 2. c4 e6 3. Nc3 b6 4. e3 Bb7 5. Nf3 Bb4 6. Bd3 c5 7. 0-0 0-0 8. a3 Ba5 9. Qc2 h6 10. Nd2 d5 11. cxd5 Qxd5 12. Nce4 Bxd2 13. Nxf6+ gxf6 14. e4 Qxd4 15. Bxd2 Rd8 16. Bc3 Qxd3 17. Qb3 Qxe4 18. f3 Qe3+ 19. Kh1 Bd5 20. Qc2 Qg5 21. Rae1 Nc6 22. f4 Qg7 23. Re3 Kf8 24. Rg3 Qh8 25. b4 Rac8 26. Qb2 Ke7 27. b5 Nb8 28. Re3 Rg8 29. Re2 Rg4 30. Rfe1 Rcg8 31. f5 Bxg2+ 32. Rxg2 Rxg2 33. Qxg2 Rxg2 34. Kxg2 Qg7+ 35. Kf3 Nd7 36. fxe6 fxe6 37. Bd2 h5 38. Kf2 Qg4 39. Rg1 Qd4+ 40. Be3 Qb2+ 41. Kf3 Qxa3 42. Rg7+ Kd6 43. Rg6 e5 44. Rh6 Qb4 45. Rxh5 Qxb5 46. Rh7 a5 47. h4 a4 0-1

[Event "GER Cup Net V2 U2000"]
[Site "Playchess.com INT"]
[Date "2020.05.22"]
[Round "2"]
[White "Kosovska, Olena"]
[Black "Lehmann, Ruben"]
[Result "1-0"]
[WhiteElo "1871"]
[BlackElo "1727"]
[PlyCount "113"]
[EventDate "2020.05.22"]
[EventType "swiss (blitz)"]
[EventRounds "9"]
[EventCountry "GER"]
[SourceTitle "EXT 2021"]
[Source "ChessBase"]
[SourceDate "2020.10.23"]
[SourceVersion "1"]
[SourceVersionDate "2020.10.23"]
[SourceQuality "1"]

1. e4 c6 2. d4 d5 3. Nd2 dxe4 4. Nxe4 Nd7 5. Nf3 Ngf6 6. Ng3 e6 7. Bd3 Qc7 8. 0-0 Be7 9. c4 0-0 10. Bc2 b6 11. Qd3 Bb7 12. Nh5 c5 13. dxc5 Be4 14. Nxf6+ Nxf6 15. Qc3 Bxf3 16. Qxf3 Qxc5 17. b3 Rad8 18. Be3 Qc7 19. Rad1 Rxd1 20. Rxd1 Rd8 21. h3 Rxd1+ 22. Bxd1 h6 23. Bc2 Qd7 24. Bf4 Ne8 25. Qg3 Kh8 26. Qf3 Bd6 27. Qe4 f5 28. Qd3 Qc7 29. Bxd6 Qxd6 30. Kf1 Kg8 31. Ke2 Qxd3+ 32. Bxd3 Kf7 33. Ke3 Nd6 34. Kf4 Kf6 35. g3 e5+ 36. Ke3 g5 37. Be2 f4+ 38. Kd2 Nf5 39. g4 Nd4 40. Bf1 e4 41. Bg2 Ke5 42. Bf1 Nf3+ 43. Kc3 Nd4 44. a3 f3 45. b4 Ne6 46. a4 Kf4 47. a5 bxa5 48. bxa5 e3 49. fxe3+ Kxe3 50. Kb4 Nd4 51. c5 Nc2+ 52. Kc4 Nd4 53. Kd5 Nb3 54. c6 Nxa5 55. c7 Nc4 56. Bxc4 f2 57. c8Q 1-0

[Event "GER Cup Net V1 U2000"]
[Site "Playchess.com INT"]
[Date "2020.05.19"]
[Round "4"]
[White "Lehmann, Ruben"]
[Black "Sommer, Justus"]
[Result "1-0"]
[WhiteElo "1622"]
[BlackElo "1731"]
[PlyCount "101"]
[EventDate "2020.05.19"]
[EventType "swiss (blitz)"]
[EventRounds "9"]
[EventCountry "GER"]
[SourceTitle "EXT 2021"]
[Source "ChessBase"]
[SourceDate "2020.10.23"]
[SourceVersion "1"]
[SourceVersionDate "2020.10.23"]
[SourceQuality "1"]

1. d4 d5 2. c4 c6 3. Nc3 Nf6 4. e3 e6 5. Nf3 Bd6 6. Bd3 0-0 7. 0-0 Nbd7 8. e4 dxe4 9. Nxe4 Nxe4 10. Bxe4 e5 11. dxe5 Nxe5 12. Nxe5 Bxe5 13. Bxh7+ Kxh7 14. Qh5+ Kg8 15. Qxe5 Re8 16. Qc3 Be6 17. b3 Qc7 18. Bb2 f6 19. Rae1 Bf7 20. h3 Rad8 21. Rd1 Rxd1 22. Rxd1 Rd8 23. Rxd8+ Qxd8 24. Qd4 Qa5 25. a3 a6 26. g4 Qc7 27. g5 c5 28. Qc3 Qf4 29. gxf6 Qg5+ 30. Qg3 Qxg3+ 31. fxg3 gxf6 32. Bxf6 Bg6 33. Kf2 Bc2 34. b4 Bb3 35. bxc5 Kf7 36. Bd4 Bxc4 37. Ke3 Kg6 38. Kf4 Bf1 39. h4 Be2 40. g4 Bd1 41. h5+ Kh6 42. Be5 Bc2 43. Bd6 Bb1 44. Bf8+ Kh7 45. g5 Bd3 46. g6+ Kg8 47. Bd6 Kg7 48. Kg5 a5 49. h6+ Kg8 50. h7+ Kh8 51. Be5# 1-0

[Event "GER-ch Net Amateur Gr-A Vor3"]
[Site "Playchess.com INT"]
[Date "2020.04.16"]
[Round "3"]
[White "Krasov, Oleksi"]
[Black "Lehmann, Ruben"]
[Result "1-0"]
[WhiteElo "1841"]
[BlackElo "1580"]
[PlyCount "76"]
[EventDate "2020.04.16"]
[EventType "swiss (blitz)"]
[EventRounds "9"]
[EventCountry "GER"]
[SourceTitle "CBM 195 Extra"]
[Source "ChessBase"]
[SourceDate "2020.05.31"]
[SourceVersion "1"]
[SourceVersionDate "2020.05.31"]
[SourceQuality "1"]

1. e4 c6 2. d4 d5 3. exd5 cxd5 4. Bd3 g6 5. c3 Nc6 6. h3 Bg7 7. Nf3 Nf6 8. Bf4 0-0 9. 0-0 Bf5 10. Be2 Qd7 11. Nbd2 Ne4 12. Re1 Nxd2 13. Qxd2 Rfe8 14. Rac1 f6 15. Bb5 Rac8 16. c4 dxc4 17. Bxc4+ Kh8 18. d5 Ne5 19. Nxe5 fxe5 20. Be3 a6 21. Bb3 b5 22. Qa5 Qb7 23. a4 Be4 24. axb5 axb5 25. Rcd1 Rcd8 26. Bb6 Ra8 27. Rxe4 Rxa5 28. Bxa5 Ra8 29. Bb4 Bf6 30. f4 exf4 31. Rxf4 Rd8 32. d6 Be5 33. dxe7 Re8 34. Rf8+ Kg7 35. Rxe8 Qc6 36. Rg8+ Kh6 37. e8Q Qxe8 38. Rxe8 Bxb2 1-0

[Event "GER-ch Net Amateur Gr-A Vor3"]
[Site "Playchess.com INT"]
[Date "2020.04.16"]
[Round "4"]
[White "Lehmann, Ruben"]
[Black "Bardorz, Jana"]
[Result "0-1"]
[WhiteElo "1573"]
[BlackElo "1745"]
[PlyCount "62"]
[EventDate "2020.04.16"]
[EventType "swiss (blitz)"]
[EventRounds "9"]
[EventCountry "GER"]
[SourceTitle "CBM 195 Extra"]
[Source "ChessBase"]
[SourceDate "2020.05.31"]
[SourceVersion "1"]
[SourceVersionDate "2020.05.31"]
[SourceQuality "1"]

1. d4 Nf6 2. c4 g6 3. Nc3 Bg7 4. e4 d6 5. Nf3 0-0 6. Be2 e5 7. 0-0 Nc6 8. d5 Ne7 9. Ne1 Nd7 10. Be3 f5 11. f3 f4 12. Bf2 g5 13. Nb5 a6 14. Na7 Nf6 15. Nxc8 Qxc8 16. c5 h5 17. h3 Ng6 18. cxd6 cxd6 19. Rc1 Qd7 20. Bb6 Rac8 21. Nd3 g4 22. hxg4 hxg4 23. fxg4 Nxe4 24. Bf3 Ng3 25. Rxc8 Rxc8 26. Rf2 e4 27. Rc2 exf3 28. Rxc8+ Qxc8 29. Qxf3 Qf8 30. Ba5 Ne5 31. Qxf4 Ne2+ 0-1